Algunos factores que afectan la asignación de recursos entre agricultura y ganadería (Registro nro. 24761)

Detalles MARC
000 -LEADER
fixed length control field 00373 a2200109 4500
001 - CONTROL NUMBER
control field ART_10469
005 - DATE AND TIME OF LATEST TRANSACTION
control field 20260410161848.0
008 - FIXED-LENGTH DATA ELEMENTS--GENERAL INFORMATION
fixed length control field 260409a
100 1# - MAIN ENTRY--PERSONAL NAME
Personal name Beker, Víctor Alberto
245 10 - TITLE STATEMENT
Title Algunos factores que afectan la asignación de recursos entre agricultura y ganadería
773 0# - HOST ITEM ENTRY
Title Económica
Related parts - Año XIX, Nº 2 (may./ago. 1973)
Record control number REV7541

No hay ítems disponibles.